|
|
|
|
| LEADER |
00000nab a2200000 a 4500 |
| 001 |
vtls008418840 |
| 003 |
SK-MaSNL |
| 005 |
20260303070053.0 |
| 008 |
140515c2005 xo wr|p|||||||000 b|slo |
| 015 |
|
|
|a SNBRB2005/12
|2 snkbucl
|
| 040 |
|
|
|a SNKBUCL
|b slo
|c SNKBUCL
|e AACR2
|
| 041 |
0 |
|
|a slo
|
| 044 |
|
|
|a xo
|c SK
|
| 080 |
|
|
|a 7.097
|2 1997
|
| 100 |
1 |
|
|a Gálisová, Marína,
|d 1972-
|4 aut
|9 12999
|
| 245 |
1 |
0 |
|a CNN mení svet
|c Marína Gálisová, Robert Žitňanský
|
| 246 |
3 |
|
|a Cable News Network mení svet
|
| 300 |
|
|
|b Fotogr.
|
| 600 |
1 |
7 |
|a Turner, Ted
|2 snkbucl
|9 1067016
|
| 610 |
2 |
7 |
|a CNN (televízny kanál)
|2 snkbucl
|9 1067017
|
| 650 |
0 |
7 |
|a spravodajská televízia
|2 snkbucl
|9 1067018
|
| 650 |
0 |
7 |
|a 25. výročie
|2 snkbucl
|9 1039415
|
| 700 |
1 |
|
|a Žitňanský, Robert,
|d 1976-2018
|4 aut
|9 102770
|
| 773 |
0 |
|
|t Týždeň
|g Roč. II, č. 23 (2005), s. 30-32
|x 1336-5932
|
| 852 |
|
|
|a SNK
|b KIS3GCP
|
| 958 |
|
|
|a US
|
| 999 |
|
|
|c 1753794
|d 1755724
|